[Event "Imperia Corallo op 4th"]
[Site "Imperia"]
[Date "2009.11.21"]
[Round "2"]
[White "Ruggeri, Claudio"]
[Black "Pesce, Leandro"]
[Result "1/2-1/2"]
[WhiteElo "1879"]
[BlackElo "1714"]
[PlyCount "136"]
[EventDate "2009.11.20"]
[EventType "swiss"]
[EventRounds "5"]
[EventCountry "ITA"]
[SourceTitle "EXT 2024"]
[Source "ChessBase"]
[SourceDate "2023.10.10"]
[SourceVersion "1"]
[SourceVersionDate "2023.10.10"]
[SourceQuality "1"]

1. d4 Nf6 2. c4 e6 3. Nc3 c5 4. e3 g6 5. Nf3 b6 6. Be2 Bb7 7. 0-0 Bg7 8. dxc5 bxc5 9. Nb5 d5 10. Qb3 0-0 11. Rd1 a6 12. Nc3 Qc7 13. h3 Nbd7 14. Ne1 Nb6 15. cxd5 Nfxd5 16. Bd2 Nxc3 17. Bxc3 Bd5 18. Qc2 Qe7 19. Ba5 Nd7 20. Rac1 Qg5 21. Nf3 Qe7 22. b3 Rfc8 23. e4 Bc6 24. Nd2 Bb5 25. Nc4 Bxc4 26. Bxc4 Bd4 27. Bc3 e5 28. Qe2 Qf6 29. Rd3 Qe7 30. Rf3 Nf6 31. Bd2 Rc6 32. Bg5 Ra7 33. Bd5 Rd6 34. b4 Rc7 35. b5 axb5 36. Qxb5 Kg7 37. a4 h6 38. Bxf6+ Rxf6 39. Rxf6 Qxf6 40. Rc2 Qd6 41. a5 c4 42. Rxc4 Rxc4 43. Qxc4 Qf6 44. Qa2 Qe7 45. a6 Qd7 46. Bb7 Ba7 47. Qb3 Qd4 48. Qc2 Qa1+ 49. Kh2 Qe1 50. Kg3 g5 51. Kf3 h5 52. g3 Qh1+ 53. Ke2 Qxh3 54. Qc3 Bd4 55. Qxd4 exd4 56. a7 d3+ 57. Kd2 Qf1 58. a8Q Qe2+ 59. Kc3 Qc2+ 60. Kb4 d2 61. Qa1+ Kh7 62. Qf6 Qb1+ 63. Kc4 Qa2+ 64. Kb5 d1Q 65. Qf5+ Kg7 66. Qe5+ Kf8 67. Qc5+ Kg7 68. Qxg5+ Kf8 1/2-1/2

[Event "Imperia Corallo op-A 2nd"]
[Site "Imperia"]
[Date "2007.11.17"]
[Round "3"]
[White "Ruggeri, Claudio"]
[Black "Colombo, Luca"]
[Result "1-0"]
[WhiteElo "1703"]
[BlackElo "1791"]
[PlyCount "55"]
[EventDate "2007.11.16"]
[EventType "swiss"]
[EventRounds "5"]
[EventCountry "ITA"]
[SourceTitle "EXT 2010"]
[Source "ChessBase"]
[SourceDate "2010.11.25"]
[SourceVersion "1"]
[SourceVersionDate "2010.11.25"]
[SourceQuality "1"]

1. d4 Nf6 2. c4 g6 3. Nc3 Bg7 4. Nf3 d6 5. e3 0-0 6. Bd3 Nbd7 7. 0-0 c5 8. Re1 b6 9. Rb1 Bb7 10. d5 e6 11. e4 exd5 12. exd5 a6 13. Bg5 h6 14. Bf4 Qc7 15. Qc2 Ng4 16. Re7 g5 17. Bxg5 hxg5 18. Bf5 Ngf6 19. Nxg5 Rfe8 20. Rxd7 Nxd7 21. Bxd7 f5 22. Bxe8 Rxe8 23. Qxf5 Bc8 24. Qh7+ Kf8 25. Nce4 Qe7 26. h4 Qe5 27. Qg6 Qf5 28. Qxe8+ 1-0